Polszczyzna regionalna Pomorza. - Warszawa : Polska Akad. Nauk [Rezension]

Titel: Polszczyzna regionalna Pomorza. - Warszawa : Polska Akad. Nauk [Rezension]
Verfasser:
In: Rocznik Gdański, Band 54, Heft 1 (1994), Seite 226-227
alle Artikel anzeigen
Veröffentlicht: 1994
Format: Aufsatz
Sprache: Polnisch
Kein Bild verfügbar
X
alg: 39504859
001A    $01999:12-11-16 
001B    $01999:04-08-21 $t21:03:08.000 
001D    $01999:12-11-16 
001U    $0utf8 
001X    $00 
002@    $0Aox 
003@    $0395048591 
007A    $0395048591 $aHEB 
007T    $0Herd29819 
010@    $apol 
011@    $a1994 
021A    $a@Polszczyzna regionalna Pomorza. - Warszawa : Polska Akad. Nauk [Rezension] 
027A    $aDas regionale Polnisch in Pommerellen 
028A    $aCybulski $dMarek 
031A    $d54 $e1 $h226-227 $j1994 
039B    $aIn $8--Abvc--. Rocznik Gdański. - Gdańsk : Wydawn. Gdańskie, 1927-. - ISSN 0080-3456 $x199400000540001774 $9047550872 
039T    $8--Acu--. @Polszczyzna regionalna Pomorza. - Warszawa : Polska Akad. Nauk. - ISBN 83-04-03109-4 $9018506941 
045F    $a900.94382 $eDDC23BSB 
045F/01 $a900 
045F/03 $g4382 
045F/03 $g43832 
045T    $a9,10 $a8 
046C    $aDas regionale Polnisch in Pommerellen $bÜbers. des Hauptsacht. 

lok: 39504859 78

exp: 39504859 78 1 #EPN
201B/01 $018-11-16 $t13:35:14.000 
201U/01 $0utf8 
203@/01 $0791347206 
208@/01 $a12-11-16 $be 
209A/01 $a/ $f000 $x00 
220C/01 $aTitelaufnehmer: ra 
244Z/01 $2Trx $#Prusy Wschodnie i Zachodnie $8--Trx--Ost- und Westpreußen $x01 $939113373X 
244Z/01 $2Trx $#arvustused $#recenzijos $#Reviews $#recenziók $#recenzje $#recenzie $#recenze $8--Trx--Rezensionen $x02 $9391357441 
247C/01 $82080>Marburg/Lahn, Herder-Institut, Forschungsbibliothek, Bibliographieportal $9336309341
LEADER 00000caa a22000002c 4500
001 395048591
003 DE-603
005 20210804210308.0
007 tu
008 161112s1994 xx |||| | u00||u|pol c
035 |a (DE-599)HEB395048591 
040 |a DE-603  |b ger  |c DE-603  |d DE-603 
041 |a pol 
082 0 4 |8 1\u  |a 900.94382  |q DE-101  |2 23/BSB 
084 |a 9,10  |a 8  |2 ssgn 
085 |8 1\u  |b 900 
085 |8 1\u  |z 2  |s 4382 
085 |8 1\u  |z 2  |s 43832 
100 1 |a Cybulski, Marek 
245 0 0 |a Polszczyzna regionalna Pomorza. - Warszawa : Polska Akad. Nauk [Rezension] 
246 1 |i Übers. des Hauptsacht.  |a Das regionale Polnisch in Pommerellen 
246 1 3 |a Das regionale Polnisch in Pommerellen 
264 0 |c 1994 
773 0 8 |i In  |t Rocznik Gdański  |d Gdańsk : Wydawn. Gdańskie, 1927-  |x 0080-3456  |g Band 54, Heft 1 (1994), Seite 226-227  |w (DE-603)047550872  |w (DE-600)400807-8 
787 0 8 |i Rezension von  |t Polszczyzna regionalna Pomorza  |d Warszawa : Polska Akad. Nauk  |z 8304031094  |w (DE-603)018506941 
924 0 |9 2080  |a (DE-603)791347206  |b DE-2080  |c HES  |d d  |g /